Vista normal
Vista MARC
- Fontcuberta Estrada, Xavier
Entrada Nombre de persona
Número de registros utilizados en: 3
001 - NÚMERO DE CONTROL
- campo de control: 228
003 - IDENTIFICADOR DEL NÚMERO DE CONTROL
- campo de control: ES-MaFIAP
005 - FECHA Y HORA DE LA ÚLTIMA TRANSACCIÓN
- campo de control: 20220919161801.0
008 - DATOS DE LONGITUD FIJA
- campo de control de longitud fija: 220919|| aca||aabn | a|a d
040 ## - FUENTE DE LA CATALOGACIÓN
- Centro catalogador/agencia de origen: ES-MaFIAP
- Centro/agencia transcriptor: ES-MaFIAP
100 ## - ENCABEZAMIENTO-NOMBRE DE PERSONA
- Nombre de persona: Fontcuberta Estrada, Xavier
670 ## - FUENTE DE DATOS ENCONTRADOS
- Cita de la fuente: Work cat.: (ES-MaFIAP)70: Calero Martínez, Jorge aut XX935398 224, Manual práctico de evaluación para intervenciones del tercer sector en el ámbito de la discapacidad [Texto impreso] /, 2015





